| 000 | 01379cam a22003737a 4500 | ||
|---|---|---|---|
| 003 | CHAP | ||
| 005 | 20220329141902.0 | ||
| 008 | 980408d1998 mx a r 00110 spa d | ||
| 010 | _a75289 | ||
| 011 | _a76261 | ||
| 035 | _a85840 | ||
| 040 | _cCHAP | ||
| 090 | _aTesis | ||
| 100 | 0 | 0 |
_aRojo Martínez, Gustavo Enrique. _999400 |
| 245 | 1 | 0 |
_aPropuesta para determinar índices de peligro de incendio forestal para bosques de clima templado de México _c/por Gustavo Enrique Rojo Martínez |
| 260 |
_aChapingo, Méx. : _bEl autor, _c1998. |
||
| 300 |
_a76 h. : _bilus. ; gráfs. ; tablas |
||
| 502 | _aTesis (M.C. Forestales) -- UACH. División de Ciencias Forestales. Programa de Posgrado | ||
| 590 |
_aALEPH _b10 _c20130110 _lUCH01 _h1423 |
||
| 590 |
_aBATCH-UPD _b10 _c20130110 _lUCH01 _h0651 |
||
| 590 |
_aBATCH-UPD _b10 _c20130410 _lUCH01 _h0336 |
||
| 590 |
_aBATCH-UPD _b10 _c20130914 _lUCH01 _h0719 |
||
| 590 |
_aCONVERSION _b10 _c20130109 _lUCH01 _h1341 |
||
| 650 | 1 | 4 |
_aBosques _xIncendios _xPrevención. _914225 |
| 650 | 1 | 4 |
_aBosques _xMedidas de seguridad. _914336 |
| 650 | 1 | 4 |
_aBosques _xProtección. _914369 |
| 650 | 1 | 4 |
_aPinus montezumae. _988352 |
| 650 | 1 | 4 |
_aPinus patula. _988356 |
| 901 | _aBK | ||
| 905 | _aMayto Villalobos S. | ||
| 942 | _cFOLL | ||
| 949 |
_bBC _cTES _d33724000587846 _eTS2 _fc.2 _h32480 _i85840 _si |
||
| 949 |
_bBC _cTES _d858401 _eTS1 _h32479 _i85840 _sb |
||
| 999 |
_c75289 _d75289 |
||